000 03604cam a2200313 i 4500
001 991027281041907026
003 UkOxU
005 20250923142304.0
008 250127t20242024enka 001 0 eng d
020 _a9781399415637
_qpaperback
035 _a(OCoLC)1492830578
035 _a(OCoLC)on1492830578
040 _aRDF
_beng
_erda
_cRDF
_dOCLCO
_dCFU
_dOCLCO
_dHCO
_dNZPOP
_dUkOxU
041 _aEnglish
050 4 _aBF145
_b.F87 2024
100 _aFurnham, Adrian,
_eauthor.
_1https://id.oclc.org/worldcat/entity/E39PBJy49mr9pqwQmjFX8Bbrv3
_925788
245 1 4 _aThe new psychology
_b: the 50 newest concepts that are shaping how we live and work
_c/ Adrian Furnham.
246 3 0 _a50 newest concepts that are shaping how we live and work
246 3 0 _aFifty newest concepts that are shaping how we live and work
264 1 _aLondon :
_bBloomsbury,
_c2024.
300 _axiv, 290 pages :
_billustrations ;
_c24 cm
504 _aIncludes bibliographical references and index.
505 0 _aAlternative medicine — Artificial intelligence (AI) — Authenticity — Big data/data science — Brain imaging — Cognitive biases — Conspiracy theories — Cosmetic surgery — Curiosity — Cyberpsychology — Dark triad — Digital leadership — Disenchantment — Disgust — Ecopsychology — Ego depletion — Espionage — FOMO (Fear of Missing Out) — Game theory — Gamification — Gender and sex — Greed — Grit — Highly sensitive personality — Humour — Imposter syndrome — Justice motivation — Machine learning — Mental health literacy — Microaggressions — Mindsets — Network analysis — Neurodiversity — Nostalgia — Overconfidence — Passion — Personality change — Polycultural psychology — Positive psychology — Psychological safety — Replication crisis — Resignation: the great... — Resilience — Structural equation modelling — Terrorist thinking — Unconscious bias — Wearables — WEIRD people — Woke ideology — Zoom fatigue.
520 _a"An in-depth look at a number of the newest issues in psychology and how they can influence our lives, at home and at work - from AI and Ecopsychology, to Wearables and W.E.I.R.D people. Psychologists have always shone a torch into many dark corners of the human mind -- they study everything, from art preferences to altruism, coaching to criminality, gamification to greed, and microagressions to mindset. But in our hyper-connected, post-pandemic society, less-understood issues are now emerging, causing significant disorientation for people trying to make sense of their ever-changing world and the tumultuous events unfolding around them. The language of psychology offers clear descriptions and explanations for a range of phenomena, including Authenticity, Conspiracy Theories, and Psychological Safety through to more recently recognized conditions, such as Imposter Syndrome, Unconcious Bias, and Zoom Fatigue. Adrian Furnham offers an increased awareness and insight as to how these conditions manifest themselves, aiding people to better identify and realize their full potential. Written to accompany the highly successful Psychology 101, this book takes a closer look at 50 of the emerging concepts in modern psychology. The New Psychology explains how these issues could impact both our personal and professional lives, helping you to reassess the pressures facing you at work and pursue a more fulfilling work/life balance."--Page 4 of cover.
650 0 _aPsychology
_92525
650 0 _aPsychology
_y21st century.
650 0 _aPsychology
_xTerminology.
942 _2lcc
999 _c4877
_d4877